[Event "Reggio Emilia 0001 43th"]
[Site "Reggio Emilia"]
[Date "2001.01.04"]
[Round "6"]
[White "Drei, Andrea"]
[Black "Zaja, Ivan"]
[Result "1/2-1/2"]
[WhiteElo "2350"]
[BlackElo "2513"]
[Annotator "Postny,E"]
[PlyCount "75"]
[EventDate "2000.12.30"]
[EventType "tourn"]
[EventRounds "9"]
[EventCountry "ITA"]
[EventCategory "8"]
[SourceTitle "CBM 081"]
[Source "ChessBase"]
[SourceDate "2001.03.20"]
[SourceVersion "1"]
[SourceVersionDate "2001.03.20"]
[SourceQuality "1"]

1. e4 e5 2. Nf3 Nc6 3. d4 exd4 4. Nxd4 Nf6 5. Nxc6 bxc6 6. e5 Qe7 7. Qe2 Nd5 8.
c4 Nb6 {Other theoretical line starts with 8...Ba6.} 9. g3 {Rare continuation.
Usually white developes his queenside, first of all, by moves 9.Nd2, 9.Nc3 or
9.b3.For instanse:} (9. Nd2 Qe6 10. b3 a5 11. Bb2 Bb4 12. a3 Bxd2+ 13. Qxd2 d5
14. cxd5 cxd5 15. Rc1 $14 {1-0 Kasparov,G-Karpov,A/Lyon/New York 1990/CBM 21 
(102)}) 9... g6 10. b3 Bg7 11. Bb2 O-O 12. Nd2 d6 $146 ({Also possible} 12...
Re8 13. f4 d6 14. Bg2 dxe5 15. O-O Bd7 16. fxe5 Bxe5 17. Bxe5 Qxe5 18. Qf2 Qe3
19. Ne4 Qxf2+ 20. Rxf2 Re7 21. Nf6+ Kg7 22. Nxd7 Nxd7 23. Bxc6 Rb8 $11 {
1/2-1/2 Dukaczewski,P-Grabarczyk,M/Warsaw 1997/EXT 2000 (49)}) 13. Bg2 dxe5 ({
The alternative could be} 13... Bd7 14. O-O Bxe5 (14... dxe5 $1 15. Rfe1 Rfe8
$13) 15. Rae1 Rae8 16. Nf3 (16. f4 $2 Bd4+ $19) 16... Bg4 (16... Bf6 $2 17. Qd2
Qd8 $6 (17... Be6 18. Nd4 $16) {[%tqu "En","Find the best move for white.","",
"","d2h6","",10]} 18. Qh6 $1 $18 {[%csl Rg8][%cal Rf3g5]}) 17. Qe3 Bxf3 18.
Qxf3 c5 19. Qb7 $14) 14. O-O ({Taking a pawn deserves attention:} 14. Bxc6 Rb8
15. O-O {-This position looks to be slightly better for white.}) 14... Rb8 ({
Why not to defend a pawn?} 14... Bb7 {-this move looks a little bit ugly, but
at the moment I don't see, that white has dangerous initiative for the pawn.
The important thing is, that after} 15. f4 $6 {black comes with} Qc5+ 16. Kh1
exf4 $15) 15. Rfe1 {Again 15.Bc6 was possible.} Rd8 {Both sides are not really
care about c6 pawn.This was the last time-black could play with an extra pawn:}
(15... Bb7 16. f4 $6 (16. Bxe5 $2 Rfe8 {[%cal Ge8e2,Ge7e2]}) 16... Qc5+ $15)
16. Nf3 ({Now there is already no good to take c6 pawn} 16. Bxc6 $2 Qd6 $17 {
[%csl Rc6,Rd2]}) 16... Bg4 ({...and now there is no good to defend a pawn:} 
16... f6 $2 17. Nd4 $16) (16... Re8 $6 17. Nd4) 17. Bxe5 Bxf3 (17... Re8 18.
Qd2 $1 $16 {[%csl Ge1]}) 18. Bxf3 Re8 $1 19. Bxg7 Qxe2 20. Rxe2 ({equivalent is
} 20. Bxe2 Kxg7) 20... Rxe2 21. Bxe2 Kxg7 22. Rd1 (22. c5 {does not brings
advantage as well:} Nd7 23. Rc1 (23. Rd1 Nxc5 24. Rc1 Ne6 $11) 23... Re8 24.
Bf3 Ne5 25. Kg2 Nxf3 26. Kxf3 {[%cal Gc1c4,Gc4a4]} a5 $1 27. Rc4 Re5 $11) 22...
c5 $11 {[%csl Gb6,Gc7,Yd5,Yd6,Yd7] White has no opportunity to attack
separated black pawns on the queenside, that's why the endgame is equal.} 23.
f4 Kf6 24. Kf2 h5 25. h3 a5 26. Bf3 Re8 27. g4 hxg4 28. hxg4 Re6 {[%cal Ge6d6]}
29. Bd5 (29. Rd8 Rd6 $11) 29... Rd6 30. g5+ Kg7 31. Rd3 Kf8 (31... c6 $6 32.
Be4 Rxd3 33. Bxd3 {[%csl Rc6]}) 32. Kf3 Kg7 33. Kg4 f5+ $1 34. gxf6+ Kxf6 35.
Be4 Rxd3 36. Bxd3 Nc8 37. Bc2 Nd6 38. Bd3 1/2-1/2

[Event "Olympiad-36"]
[Site "Mallorca"]
[Date "2004.10.26"]
[Round "11"]
[White "Campora, Daniel Hugo"]
[Black "Olafsson, Helgi"]
[Result "1-0"]
[WhiteElo "2549"]
[BlackElo "2531"]
[Annotator "Postny,E"]
[PlyCount "47"]
[EventDate "2004.10.15"]
[EventType "team-swiss"]
[EventRounds "14"]
[EventCountry "ESP"]
[SourceTitle "CBM 104"]
[Source "ChessBase"]
[SourceDate "2005.01.27"]
[SourceVersion "1"]
[SourceVersionDate "2005.01.27"]
[SourceQuality "1"]
[WhiteTeam "Argentina"]
[BlackTeam "Iceland"]
[WhiteTeamCountry "ARG"]
[BlackTeamCountry "ISL"]

1. e4 e5 2. Nf3 Nc6 3. d4 exd4 4. Nxd4 Nf6 5. Nxc6 bxc6 6. Bd3 {This move is
less ambitious than the main line 6.e5.} d5 ({A bit passive, but also playable
for black is:} 6... d6 {--> 1-0 Pavasovic,D-Mastrovasilis,D/Istanbul 2003/CBM
96 [Postny,E] (39)}) 7. exd5 cxd5 8. O-O (8. Bb5+ Bd7 9. Bxd7+ Qxd7 10. O-O Be7
11. c4 O-O 12. cxd5 Nxd5 13. Nc3 Rfd8 14. Nxd5 Qxd5 15. Qxd5 Rxd5 16. Bf4 Bf6
$11 {1/2-1/2 Postny,E-Delchev,A/Cappelle la Grande 2004/CBM 99 ext (31)}) 8...
Bd6 $2 {A rather "beginner like" move, probably made because of lack
concentration. Necessary is 8...Be7 with approximately equal play.} 9. Re1+ Be6
(9... Be7 10. Qe2 Be6 11. Bb5+ Nd7 12. Bc6 Rb8 13. Nc3 d4 14. Nb5 {[%csl Rd4]
and white is winning a pawn.}) 10. Bb5+ Kf8 {As a result of a mistake in the
opening black lost his right to castle. However, white must play energetically
to keep the advantage.} (10... Nd7 11. Bc6 $18) 11. Bg5 Rb8 (11... Bxh2+ $2 12.
Kxh2 Ng4+ 13. Qxg4 $18) 12. c4 $1 {Correctly breaking black's shaky central
outpost.} dxc4 13. Nc3 c6 $6 {A creative idea, but only makes the matters
worse for black.} ({Stronger was} 13... h6 {though after} 14. Be3 {white keeps
the advantage.}) 14. Bxc6 Bxh2+ (14... Qc7 15. Bxf6 Bxh2+ 16. Kh1 gxf6 17. Bd5
$36) 15. Kxh2 Qc7+ 16. Kg1 Qxc6 17. Qd4 (17. Bxf6 $6 gxf6 {[%csl Rg2][%cal
Gh8g8]}) 17... Nd7 18. Rad1 {White's forces are fully mobilised, while black's
Rh8 has no chance to join the game. The position should be evaluated as
winning for white.} h6 19. Bf4 Rb7 20. Ne4 Qb6 21. Qc3 Qxb2 22. Qg3 c3 (22...
Qxa2 23. Nd6 $40 (23. Nc5 $6 Nxc5 24. Rd8+ Ke7 25. Rxh8 Nd3 $13)) 23. Nxc3 Qc2
24. Qf3 $1 {[%csl Rb7,Rh8][%cal Gf3a8,Ga8h8]} (24. Qf3 Qb2 25. Rb1 $18) 1-0

[Event "Corus-C"]
[Site "Wijk aan Zee"]
[Date "2004.01.20"]
[Round "9"]
[White "Pavasovic, Dusko"]
[Black "Carlsen, Magnus"]
[Result "1-0"]
[WhiteElo "2615"]
[BlackElo "2484"]
[Annotator "Postny,E"]
[PlyCount "117"]
[EventDate "2004.01.10"]
[EventType "tourn"]
[EventRounds "13"]
[EventCountry "NED"]
[EventCategory "9"]
[SourceTitle "CBM 099"]
[Source "ChessBase"]
[SourceDate "2004.03.30"]
[SourceVersion "1"]
[SourceVersionDate "2004.03.30"]
[SourceQuality "1"]

1. e4 e5 2. Nf3 Nc6 3. d4 exd4 4. Nxd4 Nf6 5. Nxc6 bxc6 6. e5 Qe7 7. Qe2 Nd5 8.
c4 Nb6 9. Nc3 Qe6 ({Another popular continuation is} 9... a5) 10. Qe4 d5 {
This continuation forces the exchange of queens and leads to slightly worse,
but playable position for black.} ({The main alternatives are:} 10... Ba6) ({
and} 10... Bb4) 11. exd6 cxd6 12. Bd3 (12. Be3 {- see the annotated game
Rublevsky,S-Lautier,J/Halkidiki 2002/CBM 92 [Postny,E] (36)}) (12. Bf4 {
- was checked in the game Oral,T-Sokolov,I/Selfoss 2002/CBM 92 [Postny,E] (41)}
) 12... Qxe4+ (12... Ba6 13. Be3 Qxe4 14. Bxe4 Rc8 15. c5 $1 $36 {1-0 Sutovsky,
E-Van den Doel,E/Plovdiv 2003/CBM 98 [Postny,E] (51)}) 13. Bxe4 Bb7 (13... Bd7
14. b3 O-O-O 15. O-O Be7 16. Be3 Rhe8 17. Rac1 Kc7 18. Rfd1 Bf6 19. Bf3 Bf5 20.
a4 $14 {1/2-1/2 Rublevsky,S-Kunte,A/Bled 2002/EXT 2003 (64)}) 14. b3 g6 $146 {
In the preceding games black played 14...d5, but did not manage to equalize.} (
14... d5 15. cxd5 cxd5 16. Bf3 $14 {- see the annotated games Movsesian,
S-Kharlov,A/Halkidiki 2002/CBM 92 [Postny,E] and Rublevsky,S-Sokolov,I/
Halkidiki 2002/CBM 92 [Postny,E]}) 15. Bb2 Bg7 16. O-O-O O-O-O 17. Bf3 {
White has small, but stable pressure thanks to superior pawn structure.} c5 $5
{Quite a committing decision.} ({Comes to consideration} 17... f5 $14 {
covering the e4 square.}) 18. Nb5 $6 {[%csl Ra7,Rd6] An attractive move, but
not the best one.} ({Stronger was} 18. Bxb7+ Kxb7 19. Rhe1 Be5 20. Kc2 {
keeping stable plus in the endgame.}) 18... Bxb2+ 19. Kxb2 Bxf3 20. gxf3 d5 21.
cxd5 Nxd5 22. Rd2 (22. Nxa7+ Kb7 23. Nb5 Kc6 24. Na3 Nb4 25. Nc4 f6 {followed
by 26...Nd3 with good chances for a draw.}) 22... a6 23. Rhd1 axb5 $1 {[%mdl
4096] Quite a mature decision from young prodigy. Black goes for rooks endgame
with a pawn down, but with clear drawish tendencies.} ({Possible alternative
was} 23... Nf4 24. Nd6+ Kc7 25. Nxf7 Rxd2+ 26. Rxd2 Rf8 27. Ng5 $14) 24. Rxd5
Rxd5 25. Rxd5 Kc7 26. Rxc5+ Kb6 27. Re5 (27. b4 Rd8 $11) 27... b4 $1 28. Re7
Rd8 29. Kc2 (29. a4 Rd2+ 30. Kc1 Rxf2 31. Rxf7 Rxh2 $11) 29... Ra8 30. Kb1 Rd8
{White can not prevent the invasion of black's rook.} 31. Rxf7 Rd1+ 32. Kc2 Ra1
33. Kd3 (33. Kb2 Rf1 34. Rxh7 Rxf2+ 35. Kb1 Rxf3 $11) 33... Rxa2 34. Kc4 Rxf2 {
Every exchange of pawns keeps black closer to a draw.} 35. h4 Ka5 36. Ra7+ Kb6
37. Rxh7 Rxf3 38. Kxb4 Rf4+ 39. Ka3 Kb5 {Despite an extra pawn, the endgame is
drawish. Black just need to exchange kingside pawns.} 40. Rh8 Rg4 41. Rb8+ Ka5
42. Ra8+ Kb5 43. Ra4 Rg3 44. Re4 Rg2 $2 {This blunder may be the result of
lack of concentration.} (44... Rh3 $2 45. Rg4) (44... Kc6 $1 45. Kb4 g5 {
was leading to clear draw.}) 45. Re5+ Kb6 46. Rg5 $18 {Black can not afford
the exchange of rooks and loses his last pawn.} Rh2 47. Rxg6+ Kb5 48. Rg5+ Kb6
49. Rh5 Rg2 50. Ka4 Rf2 51. Rh6+ Kb7 52. b4 {White's win now is just a matter
of time.} Rf5 53. h5 Re5 54. b5 Re1 55. Rf6 Ra1+ 56. Kb4 Rb1+ 57. Kc5 Rc1+ 58.
Kd6 Kb6 59. Rf5 1-0

[Event "Poikovsky Karpov 06th"]
[Site "Poikovsky"]
[Date "2005.02.26"]
[Round "1"]
[White "Rublevsky, Sergei"]
[Black "Onischuk, Alexander"]
[Result "1/2-1/2"]
[WhiteElo "2650"]
[BlackElo "2652"]
[Annotator "Postny,E"]
[PlyCount "90"]
[EventDate "2005.02.26"]
[EventType "tourn"]
[EventRounds "9"]
[EventCountry "RUS"]
[EventCategory "18"]
[SourceTitle "CBM 106"]
[Source "ChessBase"]
[SourceDate "2005.06.06"]
[SourceVersion "1"]
[SourceVersionDate "2005.06.06"]
[SourceQuality "1"]

1. e4 e5 2. Nf3 Nc6 3. d4 exd4 4. Nxd4 Bc5 5. Be3 Qf6 6. c3 Nge7 7. Bc4 Ne5 8.
Be2 Qg6 {[%csl Re4,Rg2] This is the main line.} (8... d5 {1-0 Azmaiparashvili,
Z-Sokolov,I/Dos Hermanas 2001/CBM 83 [Postny,E] (35)}) (8... h5 $5 {0-1 Nedev,
T-Yurtaev,L/Istanbul 2000/EXT 2001 [Postny,E] (53)}) 9. O-O d6 ({To capture
the pawn is very dangerous for black:} 9... Qxe4 $6 {Postny,E} 10. b4 Bd6 11.
Nd2 Qg6 12. f4 Qh6 13. Ne4 O-O 14. Nxd6 cxd6 15. Qd2 N5c6 16. f5 Qf6 17. Bg5
Qe5 18. f6 $40 {1-0 Thorhallsson,T-Yurtaev,L/Hartberg 1991/EXT 97 (29)}) 10. f3
(10. Bh5 $6 Qxe4 11. Nd2 Qh4 12. Nb5 {0-1 Handoko,E-Aleksandrov,A/Istanbul
2000/EXT 2001 [Postny,E] (32)}) 10... O-O 11. Nd2 {In this opening variation
the whole battle is around the centre, whether black will be able to keep his
central outposts, or will be kicked off by white's pawns...} (11. c4 {0-1
Hakki,I-Harikrishna,P/Abu Dhabi 2004/CBM 103 [Postny,E] (31)}) 11... d5 12. Kh1
Bb6 (12... dxe4 13. fxe4 Bg4 (13... Ng4 14. Bg1 {1-0 Nedev,T-Upton,T/Leon 2001/
CBM 86 [Postny,E] (31)}) 14. Bf4 Bxe2 15. Qxe2 Bd6 16. Bxe5 Bxe5 17. N2f3 Bxd4
18. cxd4 c6 19. Qe3 Qe6 20. Ng5 Qg6 21. Nf3 {1/2-1/2 Palac,M-Gyimesi,Z/Rabac
2004/CBM 102 ext (21)}) 13. Bf4 f6 $6 {This move weakens the diagonal a2-g8
which will be important in future.} (13... Qf6 14. Bg3 c5 15. Nc2 Rd8 16. Qe1
N5g6 17. exd5 Nxd5 18. Ne4 Qe7 19. Rd1 Ndf4 20. Rxd8+ Qxd8 21. Bc4 Be6 22. Bxe6
Nxe6 $11 {1/2-1/2 Hector,J-Sargissian,G/Bled 2002/EXT 2003 (71)}) 14. Bg3 $1
$146 {The following f3-f4 push will kick away black's active pieces.} (14. a4
c6 15. a5 Bc7 16. Bg3 Qh6 17. N2b3 f5 $11 {1-0 Schmittdiel,E-Knoll,H/Wattens
1998/EXT 2000 (55)}) 14... Qf7 (14... c5 15. Nb5 Rd8 16. f4 $16) 15. a4 a5 16.
Nb5 Bd7 $2 {After this logical move black's position almost falls apart...} ({
Seems reasonable for black:} 16... Rd8 $14) 17. f4 N5c6 18. f5 $1 {[%csl Rc7,
Rf7][%cal Ge2h5] Suddenly, black is in serious trouble.} Kh8 {This pawn
sacrifice is practically forced.} (18... Ne5 19. Bh5 g6 20. fxg6 hxg6 21. Bxe5
$18) (18... Rac8 19. c4 $1 dxe4 20. c5 Nxf5 21. cxb6 Ne3 22. Qe1 Nxf1 23. Qxf1
$18) 19. Bxc7 Bxc7 20. Nxc7 Rad8 21. exd5 Nxf5 (21... Nxd5 22. Bc4 Ne3 23. Bxf7
Nxd1 24. Raxd1 Rxf7 25. Nb5 {and white is a healthy pawn up.}) 22. Qb3 $1 (22.
dxc6 Ne3 23. cxd7 (23. Bh5 $2 g6 24. Qe2 Nxf1 25. cxd7 Nxd2 26. Ne6 Rxd7 27.
Nxf8 Qxf8 28. Rd1 Qe7 {and black survives.}) 23... Nxd1 24. Raxd1 Rxd7 25. Bc4
Qg6 26. Ne6 Rc8 27. Nd4 $16) 22... Ne5 23. Nc4 $2 (23. Qb6 {defending the Nc7
and covering e3 square. White keeps an extra pawn and objectively winning
position.}) 23... Nxc4 24. Bxc4 Ne3 25. Rf3 (25. Rfe1 Nxc4 26. Qxc4 Bc6 $11)
25... Nxc4 26. Qxc4 Bc6 27. Ne6 Bxd5 (27... Rxd5 $2 28. Nxf8 Rd1+ 29. Rxd1 Qxc4
{[%tqu "En","Please enter a move for White.","","","f8g6","",10]} 30. Ng6+ $1
hxg6 (30... Kg8 31. Rd8+ Kf7 32. Ne5+ $18 {[%csl Rc4,Rf7]}) 31. Rd8+ Kh7 32.
Rh3+ {mating.}) 28. Nxd8 Qg8 ({There was a risky, but interesting tactical
possibility:} 28... Rxd8 29. Rd3 Qh5 30. Qb5 (30. Qc7 Bxg2+ 31. Kg1 Rg8 $44)
30... Bxg2+ $1 31. Kg1 (31. Kxg2 $2 Qe2+) 31... Bd5 $8 32. Qxa5 Rd7 {with a
compensation for the exchange.}) 29. Qf4 Bxf3 30. Qxf3 Rxd8 31. Qxb7 Rb8 $6 ({
Missing a nice tactical possibility:} 31... Qa2 $1 $11 {Exploiting the
weakness of white's back rank black is winning the Pa4.}) 32. Qc7 Rxb2 33. Qxa5
h6 {White is a pawn up, and two passed pawns, but still black has good chances
for a draw. It's very hard for white to hold all his pawns, since he must
protect his king as well...} 34. h3 Qc4 35. Qa8+ Kh7 36. Qf3 Qc5 $1 37. a5 Rb3
38. Qd3+ (38. a6 Rxc3 39. Qe4+ f5 40. Qe1 Ra3 41. Rxa3 Qxa3 42. Qe6 Qc1+ 43.
Kh2 Qf4+ 44. Kg1 Qc1+ {and black gives a perpetual check.}) 38... f5 39. Qd4
Qc6 $1 40. Qf4 (40. a6 Rxc3 41. a7 Rxh3+ 42. Kg1 Ra3 $1 43. Rxa3 Qc1+ 44. Kf2
Qxa3 {and it does not seem that white will manage to avoid a perpetual check.})
40... Rxc3 41. Qxf5+ Kg8 42. a6 (42. Rd1 Rc1 43. Rxc1 Qxc1+ 44. Kh2 Qc7+ 45. g3
Qc4 $1 $11) 42... Rc1+ 43. Rxc1 Qxc1+ 44. Kh2 Qc7+ 45. g3 Qc4 $1 {[%csl Gc4]
The only move! Black either wins white's passed pawn or gives a perpetual
check.} 1/2-1/2

[Event "SRB-chT"]
[Site "Ruma"]
[Date "2017.09.03"]
[Round "3.3"]
[White "Rublevsky, Sergei"]
[Black "Banusz, Tamas"]
[Result "0-1"]
[WhiteElo "2683"]
[BlackElo "2608"]
[Annotator "Prusikin,M"]
[PlyCount "62"]
[EventDate "2017.09.01"]
[EventType "team-tourn"]
[EventRounds "11"]
[EventCountry "SRB"]
[SourceTitle "EXT 2019"]
[Source "ChessBase"]
[SourceDate "2018.10.10"]
[SourceVersion "1"]
[SourceVersionDate "2018.10.10"]
[SourceQuality "1"]
[WhiteTeam "Ruma Sloven"]
[BlackTeam "Kraljevo Sloga Turist"]
[WhiteTeamCountry "SRB"]
[BlackTeamCountry "SRB"]

1. e4 e5 2. Nf3 Nc6 3. d4 {Rublevsky besitzt ein für Spieler seiner Klasse
sehr enges Eröffnungsrepertoire, Schottisch ist seit Jahrzehnten sein Brot.}
exd4 4. Nxd4 Nf6 5. Nxc6 bxc6 6. Bd3 $5 {Ein alter Zug (Stammpartie im Jahr
1875 gespielt!), der in den letzten Jahren wiederentdeckt wurde. Vermutlich,
weil die nach} (6. e5 Qe7 7. Qe2 Nd5 {entstehenden Hauptvarianten sehr weit
ausanalysiert sind und dem Anziehenden keinen Vorteil versprechen.}) 6... d5 7.
Qe2 ({weder} 7. exd5 cxd5 8. O-O Be7 $11) ({noch} 7. e5 Ng4 $1 8. O-O Bc5 9.
Qe2 Qe7 10. Bf4 g5 $1 {sind für Weiß attraktiv, die zweite Variante bringt
ihn gar in Schwierigkeiten.}) 7... dxe4 {Soweit hatte der Russe das alles auf
dem Brett, ohne großen Erfolg. Banusz will nicht wissen, wo auf ihn eine
Verbesserung wartet und weicht zuerst ab.} (7... Be7 8. Nd2 O-O 9. O-O Re8 10.
e5 Bc5 11. Nb3 Bb6 {1/2-1/2 (47) Rublevsky,S (2682)-Esipenko,A (2509) Sochi
2017}) 8. Nc3 ({Im Falle von} 8. Bxe4 Nxe4 9. Qxe4+ Qe7 10. Qxe7+ Bxe7 $11 {
kompensiert das schwarze Läuferpaar die Defekte seiner Bauernstruktur
vollständig.}) 8... Bb4 9. Bxe4 O-O 10. Bxc6 Rb8 11. O-O Qd6 12. Bb5 $146 {
nominell der erste neue Zug, aber im Grunde fast erzwungen:} (12. Ba4 {0-1 (25)
Morais Carreras,J (1958)-Fernandez Aguilar,F (2080) Sabadell 2016}) 12... Ng4
13. g3 Bxc3 14. bxc3 Ne5 $1 15. Bf4 Rxb5 $1 {Mit diesem thematischen
Qualitätsopfer leitet Schwarz der Ungar einen langanhaltenden
"weißfeldrigen" Königsangriff ein.} 16. Qxb5 Nf3+ 17. Kg2 Qe6 $1 {Auf diese
Weise schafft er Schwarz, beide angegriffenen Figuren taktisch zu retten.} 18.
Rfd1 (18. Kxf3 $5 {Da Weiß sowieso bereits um Ausgleich kämpft, war dies
vielleicht seine beste Möglichkeit, dieses Ziel zu erreichen. Aber vielleicht
übersah Rublevsky den nächsten Zug seines Gegenübers?} Bd7 19. Qe5 Qc6+ 20.
Ke2 Re8 21. Qxe8+ Bxe8 22. Kd2 f6 {Die Endstellung der forcierte Variante
bewertet die Engine gewohnheitsmäßig mit 0,00 , die weiße Stellung bleibt
allerdings wegen des schwachen Königs unangenehm zu spielen.}) 18... c6 $3 {
Der Schlüsselzug, damit wird der weißen Dame das Feld d5 verwehrt.} (18...
Qe4 $2 19. Qd5 $1 $18) 19. Qa4 (19. Qc5 $2 Qe4 $19 {und die Drohung 20... Sh4+
entscheidet}) (19. Qf1 $1 {war wohl am zähesten} Re8 $1 20. Kh1 $8 (20. Kxf3
Qe4#) 20... c5 $1 {bereitet die Läuferausflüge nach b7 und a6 vor.} 21. Rab1
(21. Rd6 Qe4 22. Qd3 Qa8 $1 23. Rd8 $8 Nd4+ 24. f3 Rxd8 25. cxd4 Rxd4 26. Qe2
h6 $15) 21... Ba6 22. Rd6 Qxd6 23. Bxd6 Bxf1 24. Rxf1 Nd2 25. Rc1 Ne4 26. Bf4
Nxf2+ 27. Kg2 Ne4 $15) (19. Qd3 $2 Qh3+ 20. Kxf3 Re8 $3 21. Be3 Bg4+ 22. Kf4 h6
$19) 19... Nh4+ $1 (19... Qh3+ {hier funktioniert das nicht:} 20. Kxf3 Re8 21.
Be3 $18 {und das Feld g4 ist gedeckt!}) 20. gxh4 Qg4+ 21. Kf1 (21. Bg3 $4 Qxa4)
21... Qf3 $1 22. Rd3 {erzwungen} (22. Qd4 Bg4 $1 $19) 22... Qh1+ 23. Ke2 Qxa1
24. Bd6 Re8+ {ungern, aber Schwarz kann den Turmtausch nicht vermeiden.} 25.
Re3 Rxe3+ 26. fxe3 Qxc3 27. Qe4 Be6 28. a3 $2 ({Trotz den ganzen Zauberei, die
Banusz soweit vorführte: die Stellung blieb - auch dank der hochklassigen
Gegenwehr - beinahe im Gleichgewicht. Nach dem richtigen} 28. Be5 Qc4+ 29. Qxc4
Bxc4+ 30. Kd2 Bxa2 31. Kc3 {sollte Weiß das Endspiel halten können.}) 28...
h5 $1 {nicht nur ein Luftloch, sondern gleichzeitig auch die Wiederaufnahme
der Königshatz: es droht tödlich 29...Lg4+} 29. Kd1 $2 {Der letzte Fehler,
vermutlich zeitnotbedingt. Aber auch nach dem besseren} (29. h3 Bxh3 30. Qe8+
Kh7 31. Qe4+ f5 32. Qd3 Bg4+ 33. Kf2 Qf6 34. Kg3 {hätte Rublevsky einen
schweren Stand gehabt.}) 29... Bg4+ 30. Kc1 Qa1+ 31. Kd2 Qd1+ 0-1